000 01159aam a2200301 i 4500
001 768714001
003 CO-MdFUSB
005 20220625062549.0
007 ta
008 211215t1987 sp ab||| |||| 00| 0 spa d
020 _a8476452489
040 _bspa.
_aCO-MdFUSB
_cCO-MdFUSB
_dCO-MdFUSBC
_erda
041 _aspa
082 0 4 _a297
_223
_bG6439d
100 1 _aGonzález B., Valentín
_eautor
245 1 3 _aEl desafío del Islam :
_bhistoria del movimiento musulmán desde una perspectiva cristiana
_c/ Valentín González B.
264 1 _aTerrassa, Barcelona, España :
_bClie,
_c[1987]
264 4 _c© 1987
300 _a206 páginas
_c; 20 cm
336 _atexto
_btxt
_2rdacontent
337 _2rdamedia
_asin mediación
_bn
338 _2rdacarrier
_avolumen
_bnc
505 _aArabia, a la espera de un mesías. -- El profeta del Islam. -- Los herederos. -- Un imperio en expansión. -- Turcos y cruzados. -- Mogoles y Otomanos. -- Avances y retrocesos. -- Decadencia y ruina de los Otomanos. -- El Islam en el siglo XX. -- Un vistazo al Islam moderno.
563 _aRústico
650 7 _2
_aIslamismo
_96903
942 _cBK
945 _aJTF-925
999 _c39237
_d39237